A pensô por morte no regime geral da previdn̊cia social

Detalles Bibliográficos
Autor principal: De Queiroz Ramalho, Marcos
Formato: eBook
Lenguaje:portugués
Publicado: San Pablo: LTR Editora, 2010
Materias:
Acceso en línea:Acceso restringido

MARC

LEADER 00000nam a22000007a 4500
005 20150811020636.0
007 cr|||| ||||
008 150811s2010 br |||||s|||| 00||0 por d
020 |a 9788536115436 
035 |a 12785 
040 |a vLex 
090 |c 5520  |d 5520 
100 1 |a De Queiroz Ramalho, Marcos 
245 1 2 |a A pensô por morte no regime geral da previdn̊cia social  |h [Recurso electrn̤ico] /  |c Marcos De Queiroz Ramalho 
256 |a Servicio en ln̕ea 
260 |a San Pablo:  |b LTR Editora,  |c 2010 
300 |a 1 recurso electrn̤ico 
500 |a Nesta segunda ediȯ̂, foi dada primazia ̉doutrina nacional, mas resolveu investigar o posicionamento de todos os Tribunais de 2ð e 3ð graus e das Turmas Regionais e da Turma Nacional de Uniformizaȯ̂. Tem como intuito enxergar as convergn̊cias e distinė̳s entre os aplicadores da lei. Entre a primeira ediȯ̂ e a segunda houve tanto alteraȯ̂ legislativa como evoluȯ̂ na jurisprudn̊cia pt̀ria. Procurou-se inserir tais modificaė̳s em todo o decorrer do livro. Foram feitas tambm̌ novas reflexe̳s ao som das sugeste̳s, crt̕icas e ideias colocadas pelos operadores do direito que nos cercam diariamente. O trabalho foi revisto, atualizado e abordou novas queste̳s, procurando sempre demonstrar as vr̀ias correntes e expor o pensamento do autor.  
506 1 |a Disponible solo en los productos indicados  |d vLex Global  |d vLex Global (Academic Edition, excluding Law Schools)  |d vLex Global (U.S. Academic Edition, Law Schools)  |d vLex Global (U.S. Academic Edition, excluding Law Schools)  |d vLex Global (Academic Edition, Law Schools) 
650 0 4 |a Derecho Laboral y Seguridad Social  |z Brasil 
740 0 |a vLex Libros (Servicio en ln̕ea) 
856 4 0 |u http://vlex.com/source/pens-o-por-morte-no-regime-geral-da-previd-ncia-social-12785  |z Acceso restringido 
942 |c BOOK 
999 0 |a Labor and Social Security